Normal view MARC view
  • Moss, Eric Owen,

Entry Personal Name

Number of records used in: 1

001 - CONTROL NUMBER

  • control field: 32589

003 - CONTROL NUMBER IDENTIFIER

  • control field: NUST

005 - DATE AND TIME OF LATEST TRANSACTION

  • control field: 20201019100327.0

008 - FIXED-LENGTH DATA ELEMENTS

  • fixed length control field: 201019|| aca||aabn | a|a d

040 ## - CATALOGING SOURCE

  • Original cataloging agency: NUST
  • Transcribing agency: NUST

100 ## - HEADING--PERSONAL NAME

  • Personal name: Moss, Eric Owen,
  • Dates associated with a name: 1943-
  • General subdivision: Themes, motives

670 ## - SOURCE DATA FOUND

  • Source citation: Work cat.: (NUST)316: Moss, Eric Owen, 32588, Eric Owen Moss., 1993.
© 2023 Central Library, National University of Sciences and Technology. All Rights Reserved.